Método de derecho internacional privado /

Detalles Bibliográficos
Autor principal: Jitta, D. Josephus (Daniël Josephus), 1854-1925 (Autor)
Otros Autores: Agurto Gonzáles, Carlos Antonio (Editor), Quequejana Mamani, Sonia Lidia (Editor), Choque Cuenca, Benigno (Editor), Frida, J. F. (Traductor)
Formato: Electrónico eBook
Lenguaje:español
Publicado: Santiago, Chile : Ediciones Olejnik, [2024]
Colección:Biblioteca de derecho internacional.
Materias:
Acceso en línea:Digitalia Hispánica

MARC

LEADER 00000nam a2200000Ii 4500
001 DIGOLEJNK1547
003 NyNyDIG
006 m o d
007 cr |||||||||||
008 240902s2024 cl ob 000 0 spa d
035 |a (OCoLC)1434137005 
040 |a DGITA  |b eng  |e rda  |e pn  |c DGITA 
020 |z 9789564074337 
050 1 4 |a K7040 ebook 
100 1 |a Jitta, D. Josephus  |q (Daniël Josephus),  |d 1854-1925,  |e author. 
245 1 0 |a Método de derecho internacional privado /  |c Josephus Jitta ; edición al cuidado de Carlos Antonio Agurto Gonzáles, Sonia Lidia Quequejana Mamani, Benigno Choque Cuenca ; traducción de J.F. Frida. 
264 1 |a Santiago, Chile :  |b Ediciones Olejnik,  |c [2024] 
300 |a 1 online resource. 
336 |a text  |b txt  |2 rdacontent 
337 |a computer  |b c  |2 rdamedia 
338 |a online resource  |b cr  |2 rdacarrier 
347 |a text file  |2 rdaft 
347 |b PDF 
490 1 |a Biblioteca de derecho internacional 
588 0 |a Online resource; title from ePub title page (Digitalia, viewed September 2, 2024) 
650 0 |a Conflict of laws. 
700 1 |a Agurto Gonzáles, Carlos Antonio,  |e editor. 
700 1 |a Quequejana Mamani, Sonia Lidia,  |e editor. 
700 1 |a Choque Cuenca, Benigno,  |e editor. 
700 1 |a Frida, J. F.,  |e translator. 
791 2 |a Digitalia (Firm),  |e distributor. 
793 0 |g Digitalia eBook Collection:  |a Ediciones Olejnik 
776 0 8 |i Print version:  |a Jitta, D. Josephus (Daniël Josephus), 1854-1925.  |t Método de derecho internacional privado.  |b Primera edición en Ediciones Olejnik.  |d Santiago, Chile : Ediciones Olejnik, 2024  |z 9789564074337 
830 0 |a Biblioteca de derecho internacional. 
856 4 0 |3 Digitalia Hispánica  |u https://www.digitaliapublishing.com/a/158066/ 
910 |a Premium collection: 2024